BEYOND LAW SCHOOL : A CAREER GUIDE FOR LAW GRADUATE (Record no. 9102)

MARC details
000 -LEADER
fixed length control field 00450nam a22001817a 4500
005 - DATE AND TIME OF LATEST TRANSACTION
control field 20260324115959.0
008 - FIXED-LENGTH DATA ELEMENTS--GENERAL INFORMATION
fixed length control field 260324b |||||||| |||| 00| 0 eng d
020 ## - INTERNATIONAL STANDARD BOOK NUMBER
ISBN 7893945258
041 ## - LANGUAGE CODE
Language code of text/sound track or separate title eng
082 ## - DEWEY DECIMAL CLASSIFICATION NUMBER
Classification number 340.07
100 ## - MAIN ENTRY--AUTHOR NAME
Personal name DHAGE,ADV. SAURABH AJAY
245 ## - TITLE STATEMENT
Title BEYOND LAW SCHOOL : A CAREER GUIDE FOR LAW GRADUATE
250 ## - EDITION STATEMENT
Edition statement 2nd ed.
260 ## - PUBLICATION, DISTRIBUTION, ETC. (IMPRINT)
Name of publisher TRUTH AND SOCIAL PUBLICATION
300 ## - PHYSICAL DESCRIPTION
Number of Pages 122;P
650 ## - SUBJECT ADDED ENTRY--TOPICAL TERM
Topical Term LAW
942 ## - ADDED ENTRY ELEMENTS (KOHA)
Koha item type Books
Holdings
Lost status Damaged status Home library Current library Date acquired Source of acquisition Cost, normal purchase price Full call number Accession Number Koha item type
    JRU Library JRU Library 24/03/2026 DONATED 330.00 340.07 0096/D Books
    JRU Library JRU Library 24/03/2026 DONATED 330.00 340.07 0097/D Books